Técnica del arte de imprimir : obra teórico-práctica ilustrada con 420 gravados, ejemplos gráficos y 18 láminas fuera de texto / E.P.S., Escuelas Profesionales Salesianas obra teórico-práctica ilustrada con 420 gravados, ejemplos gráficos y 18 láminas fuera de texto / E.P.S., Escuelas Profesionales Salesianas
Descripción Física:
v. : il. ; 26 cm
Colección:
Biblioteca profesional salesiana
Materias:
Impremta
MARC
| LEADER | 00000nam a2200000Ia 4500 | ||
|---|---|---|---|
| 001 | 14406 | ||
| 003 | BGR | ||
| 005 | 20260324175331.0 | ||
| 008 | 160829s1953 xx 000 0 cat d | ||
| 080 | |a C-2-248 | ||
| 245 | |a Técnica del arte de imprimir : |b obra teórico-práctica ilustrada con 420 gravados, ejemplos gráficos y 18 láminas fuera de texto / E.P.S., Escuelas Profesionales Salesianas | ||
| 250 | |a 5a ed. | ||
| 260 | |a Barcelona : |b Librería Salesiana, |c 1953 | ||
| 300 | |a v. : |b il. ; |c 26 cm | ||
| 490 | |a Biblioteca profesional salesiana | ||
| 650 | |a Impremta |9 27573 | ||
| 710 | 2 | |a Escuelas Profesionales Salesianas (Barcelona) |9 70844 | |
| 866 | |a vbcrlfTomo 2º: R. 14406. |x C-2-248 | ||
| 901 | |a Arxiu | ||
| 942 | |n 1 |2 udc |c MON | ||
| 952 | |0 0 |1 0 |4 0 |6 C2248 |7 1 |9 44450 |a Arxiu |b Arxiu |d 2016-12-01 |l 0 |o C-2-248 |p 14406 |r 2016-12-01 00:00:00 |w 2016-12-01 |y ARXIU | ||
| 999 | |c 47031 |d 47031 | ||